[Event "Quebec-ch U16"]
[Site "Montreal CAN"]
[Date "2000.03.04"]
[Round "5"]
[White "Miron, Francois"]
[Black "Gottlieb, Jonathan"]
[Result "1/2-1/2"]
[WhiteElo "1864"]
[BlackElo "2126"]
[PlyCount "67"]
[GameId "2160767911733031"]
[EventDate "2000.03.02"]
[EventType "tourn"]
[EventRounds "7"]
[EventCountry "CAN"]

1. e4 c5 2. Nc3 Nc6 3. f4 g6 4. Nf3 Bg7 5. Bc4 d6 6. O-O e6 7. d3 Nge7 8. Qe1 O-O 9. Qh4 Nd4 10. f5 d5 11. f6 Nef5 12. exf5 Nxf3+ 13. Rxf3 Bxf6 14. Qf4 dxc4 15. fxg6 fxg6 16. Be3 Bxc3 17. Qxf8+ Qxf8 18. Rxf8+ Kxf8 19. Bxc5+ Kg8 20. bxc3 b6 21. Bd4 Ba6 22. Re1 cxd3 23. cxd3 Bxd3 24. Rxe6 Kf7 25. Rc6 Re8 26. Rc7+ Re7 27. Rxe7+ Kxe7 28. Kf2 Kd6 29. Ke3 Bc4 30. a3 Ke6 31. g3 Kf5 32. h4 Bd5 33. Bg7 h5 34. Bd4 1/2-1/2

[Event "Quebec-ch U16"]
[Site "Montreal CAN"]
[Date "2000.03.04"]
[Round "6"]
[White "Bachand-Fleurent, Julien"]
[Black "Laframboise, Marc-Andre"]
[Result "0-1"]
[WhiteElo "1893"]
[BlackElo "2090"]
[PlyCount "78"]
[GameId "2160767911733033"]
[EventDate "2000.03.02"]
[EventType "tourn"]
[EventRounds "7"]
[EventCountry "CAN"]

1. e4 c5 2. Nc3 Nc6 3. g3 g6 4. Bg2 Bg7 5. d3 d6 6. f4 e5 7. Nf3 Nge7 8. Be3 O-O 9. Qd2 f5 10. O-O Rb8 11. a4 Be6 12. fxe5 Nxe5 13. Nxe5 Bxe5 14. d4 cxd4 15. Bxd4 Nc6 16. Bxe5 dxe5 17. Nd5 Bxd5 18. exd5 e4 19. Kh1 Ne5 20. Qd4 Qd6 21. c4 b6 22. a5 Rfc8 23. Rfc1 Nc6 24. Qc3 Nxa5 25. Bf1 Ra8 26. b4 Nb7 27. Ra6 Qe7 28. Qa3 Rc7 29. Rxa7 Rac8 30. Ra8 e3 31. Rxc8+ Rxc8 32. Bd3 Nd6 33. Kg2 e2 34. Re1 Nxc4 35. Bxc4 Rxc4 36. Qd3 Qe4+ 37. Qxe4 Rxe4 38. b5 Kf7 39. Kf2 Ke7 0-1

[Event "Quebec-ch U16"]
[Site "Montreal CAN"]
[Date "2000.03.04"]
[Round "6"]
[White "Charbonneau, Anne-Marie"]
[Black "Mogilevsky, Olga"]
[Result "1-0"]
[WhiteElo "1680"]
[BlackElo "1615"]
[PlyCount "54"]
[GameId "2160767911733034"]
[EventDate "2000.03.02"]
[EventType "tourn"]
[EventRounds "7"]
[EventCountry "CAN"]

1. d4 Nf6 2. c4 e6 3. Nc3 Bb4 4. Qc2 c5 5. e3 Nc6 6. Nf3 Qb6 7. dxc5 Qxc5 8. a3 Bxc3+ 9. Qxc3 b6 10. b4 Qe7 11. Bb2 Bb7 12. Bd3 d6 13. O-O O-O 14. Ng5 e5 15. Ne4 Ng4 16. h3 Nh6 17. Rad1 Rad8 18. Ng3 f5 19. f4 Rf6 20. e4 exf4 21. Rxf4 Rg6 22. Bc2 Qg5 23. exf5 Qxf4 24. fxg6 Ne5 25. Qxe5 Qf6 26. Qxf6 gxf6 27. gxh7+ Kf7 1-0

[Event "Quebec-ch U16"]
[Site "Montreal CAN"]
[Date "2000.03.04"]
[Round "6"]
[White "Gottlieb, Jonathan"]
[Black "Galustov, Karen"]
[Result "1-0"]
[WhiteElo "2126"]
[BlackElo "1612"]
[PlyCount "47"]
[GameId "2160767911733035"]
[EventDate "2000.03.02"]
[EventType "tourn"]
[EventRounds "7"]
[EventCountry "CAN"]

1. e4 e6 2. d4 d5 3. e5 c5 4. c3 Nc6 5. Nf3 Qb6 6. a3 Nge7 7. b4 cxd4 8. cxd4 Nf5 9. Be3 Be7 10. Bd3 Nxe3 11. fxe3 f5 12. Nc3 Bd7 13. O-O g5 14. Nxg5 Nxd4 15. Qh5+ Kd8 16. Nf7+ Kc7 17. Nxh8 Nb3 18. Rae1 Rxh8 19. Qd1 d4 20. Ne2 dxe3 21. Qxb3 Kb8 22. Qc4 Rc8 23. Qd4 Qxd4 24. Nxd4 1-0

[Event "Quebec-ch U16"]
[Site "Montreal CAN"]
[Date "2000.03.05"]
[Round "7"]
[White "Gottlieb, Jonathan"]
[Black "Bachand-Fleurent, Julien"]
[Result "1-0"]
[WhiteElo "2126"]
[BlackElo "1893"]
[PlyCount "73"]
[GameId "2160767911733038"]
[EventDate "2000.03.02"]
[EventType "tourn"]
[EventRounds "7"]
[EventCountry "CAN"]

1. e4 e6 2. d4 d5 3. e5 c5 4. c3 Nc6 5. Nf3 Bd7 6. a3 f6 7. Bd3 fxe5 8. Nxe5 Nxe5 9. dxe5 g6 10. Qg4 Bg7 11. Qe2 Qc7 12. f4 Ne7 13. Nd2 O-O-O 14. b4 cxb4 15. cxb4 Qb6 16. Nb3 d4 17. Bb2 Ba4 18. Nc5 Be8 19. Rc1 Kb8 20. Qd2 Rc8 21. Bc4 Bf7 22. Be2 a6 23. Bxd4 Qc6 24. Qb2 Nf5 25. Bf2 Rc7 26. O-O Qe8 27. Rcd1 Re7 28. g4 Nh6 29. Qd4 Nxg4 30. Nd7+ Rxd7 31. Qa7+ Kc7 32. Bb6+ Kc6 33. Rc1+ Kd5 34. Bc5 Qd8 35. Bc4+ Kc6 36. Be2 Kd5 37. Bf3# 1-0

[Event "Quebec-ch U16"]
[Site "Montreal CAN"]
[Date "2000.03.05"]
[Round "7"]
[White "Miron, Francois"]
[Black "Charbonneau, Anne-Marie"]
[Result "1-0"]
[WhiteElo "1864"]
[BlackElo "1680"]
[PlyCount "65"]
[GameId "2160767911733039"]
[EventDate "2000.03.02"]
[EventType "tourn"]
[EventRounds "7"]
[EventCountry "CAN"]

1. e4 c5 2. Nc3 Nc6 3. f4 g6 4. Nf3 Bg7 5. Bc4 e6 6. e5 d6 7. Bb5 Nge7 8. Ne4 dxe5 9. Nxe5 Qd4 10. Qe2 O-O 11. c3 Qd8 12. Nxc5 Nxe5 13. fxe5 Nf5 14. O-O Nd4 15. cxd4 Qxd4+ 16. Qe3 Qd5 17. Be2 Bxe5 18. Nb3 a5 19. d4 a4 20. Qxe5 Qxe5 21. dxe5 axb3 22. Bc4 bxa2 23. Rxa2 Rxa2 24. Bxa2 Bd7 25. Bb1 Rc8 26. Bd2 Bb5 27. Rc1 Rd8 28. Bg5 Rd5 29. Bf6 Bc6 30. Be4 Ra5 31. Bxc6 bxc6 32. Rxc6 Ra8 33. Rd6 1-0

[Event "Quebec-ch U16"]
[Site "Montreal CAN"]
[Date "2000.03.05"]
[Round "7"]
[White "Mogilevsky, Olga"]
[Black "Laframboise, Marc-Andre"]
[Result "1/2-1/2"]
[WhiteElo "1615"]
[BlackElo "2090"]
[PlyCount "96"]
[GameId "2160767911733040"]
[EventDate "2000.03.02"]
[EventType "tourn"]
[EventRounds "7"]
[EventCountry "CAN"]

1. e4 c5 2. Nf3 d6 3. d4 cxd4 4. Nxd4 Nf6 5. Nc3 a6 6. Be2 e5 7. Nb3 Be7 8. Be3 O-O 9. a4 Be6 10. Bf3 Nbd7 11. a5 Rc8 12. O-O Re8 13. g4 h6 14. Kh1 Nf8 15. Rg1 N6h7 16. Nd5 Bxd5 17. exd5 Bg5 18. Nd2 Ng6 19. Ne4 Bf4 20. g5 Nxg5 21. Nxg5 hxg5 22. Be4 Nh4 23. Rg4 g6 24. Qe2 f5 25. Rxh4 gxh4 26. Bxf5 gxf5 27. Rg1+ Kf8 28. Qh5 Qf6 29. Rg6 Qf7 30. Bxf4 Qxd5+ 31. Kg1 exf4 32. Qh6+ Ke7 33. Rg7+ Qf7 34. Qg5+ Kf8 35. Rxf7+ Kxf7 36. Qxf5+ Ke7 37. Qe4+ Kd7 38. Qxb7+ Rc7 39. Qxa6 Rc5 40. Qb7+ Rc7 41. Qb5+ Ke7 42. Qg5+ Kf8 43. Qxf4+ Kg8 44. Qxd6 Re1+ 45. Kg2 h3+ 46. Kxh3 Rh7+ 47. Kg2 Rg7+ 48. Kf3 Rf7+ 1/2-1/2

[Event "Quebec-ch U18"]
[Site "Montreal CAN"]
[Date "2000.03.02"]
[Round "1"]
[White "Cardin, Guillaume"]
[Black "Moskvitch, Andrei"]
[Result "1/2-1/2"]
[WhiteElo "1793"]
[BlackElo "2223"]
[PlyCount "43"]
[GameId "2160767911733041"]
[EventDate "2000.03.02"]
[EventType "tourn"]
[EventRounds "7"]
[EventCountry "CAN"]

1. d4 c5 2. d5 e5 3. e4 d6 4. Nc3 g6 5. f4 a6 6. a4 Bg7 7. Nf3 Bg4 8. Be2 Nd7 9. O-O Bxf3 10. Bxf3 exf4 11. Ne2 Ne7 12. Nxf4 O-O 13. h4 b5 14. h5 c4 15. axb5 axb5 16. Rxa8 Qxa8 17. h6 Be5 18. Bg4 Nc5 19. Qf3 Nxe4 20. Ne6 f5 21. Nxf8 Qxf8 22. Qxe4 1/2-1/2

[Event "Quebec-ch U18"]
[Site "Montreal CAN"]
[Date "2000.03.02"]
[Round "1"]
[White "Masse, Hugues"]
[Black "Caire, Francois"]
[Result "1-0"]
[WhiteElo "1880"]
[BlackElo "1935"]
[PlyCount "85"]
[GameId "2160767911733044"]
[EventDate "2000.03.02"]
[EventType "tourn"]
[EventRounds "7"]
[EventCountry "CAN"]

1. e4 c5 2. d4 cxd4 3. Nf3 Nc6 4. Nxd4 Nf6 5. Nc3 e5 6. Ndb5 d6 7. Bg5 a6 8. Na3 b5 9. Bxf6 gxf6 10. Nd5 f5 11. Bd3 Be6 12. c3 Bg7 13. O-O O-O 14. Nc2 fxe4 15. Bxe4 f5 16. Bf3 e4 17. Be2 f4 18. Bg4 Bxg4 19. Qxg4 Ne5 20. Qe2 f3 21. Qxe4 Qg5 22. g3 Rae8 23. Nce3 Nc4 24. Qc2 Nxe3 25. Nxe3 Qf6 26. Rae1 Kh8 27. Qb3 Re5 28. Ng4 Qf5 29. Nxe5 dxe5 30. Kh1 Qh3 31. Rg1 Rf6 32. Re4 Qf5 33. Qd5 Rf7 34. Rh4 Rd7 35. Qa8+ Qf8 36. Qxf8+ Bxf8 37. Re4 Rd2 38. Rf1 Bd6 39. Re3 Rxb2 40. Rxf3 Rxa2 41. Kg2 Kg8 42. Rf6 Bc7 43. Rc6 1-0

[Event "Quebec-ch U18"]
[Site "Montreal CAN"]
[Date "2000.03.02"]
[Round "2"]
[White "Caire, Francois"]
[Black "Falardeau, Bruno"]
[Result "0-1"]
[WhiteElo "1935"]
[BlackElo "1808"]
[PlyCount "106"]
[GameId "2160767911733045"]
[EventDate "2000.03.02"]
[EventType "tourn"]
[EventRounds "7"]
[EventCountry "CAN"]

1. d4 e6 2. c4 f5 3. g3 Nf6 4. Bg2 Nc6 5. Nf3 Be7 6. Nc3 O-O 7. d5 Nb4 8. O-O d6 9. a3 Na6 10. b4 e5 11. e4 fxe4 12. Nd2 Bg4 13. Qc2 Qd7 14. Ndxe4 Bf5 15. Qe2 h6 16. f4 exf4 17. Bxf4 Rae8 18. Rae1 Nxe4 19. Nxe4 Bd8 20. Qb2 Bxe4 21. Rxe4 Bf6 22. Qc2 Rxe4 23. Bxe4 Qe7 24. Bf5 Bd4+ 25. Kg2 Rxf5 26. Rd1 Rxf4 27. gxf4 Qe3 28. Rf1 Qxa3 29. Re1 Qb2 30. Qxb2 Bxb2 31. b5 Nc5 32. Re7 a5 33. bxa6 Nxa6 34. Kf3 Kf8 35. Re1 Nc5 36. Rb1 Bf6 37. Re1 Nd3 38. Re2 Nb2 39. Rc2 Ke7 40. Re2+ Kd7 41. Rc2 Kc8 42. Ke4 Kb8 43. c5 dxc5 44. Rxc5 b6 45. Rc2 Na4 46. Kd3 Nc5+ 47. Kc4 Kc8 48. Re2 Kd7 49. Re1 Na4 50. Re2 Nb2+ 51. Kb5 Nd3 52. Re4 Kd6 53. Kc4 Nb2+ 0-1

[Event "Quebec-ch U18"]
[Site "Montreal CAN"]
[Date "2000.03.02"]
[Round "2"]
[White "Moskvitch, Andrei"]
[Black "Desmarais, Emmanuel"]
[Result "0-1"]
[WhiteElo "2223"]
[BlackElo "1901"]
[PlyCount "116"]
[GameId "2160767911733047"]
[EventDate "2000.03.02"]
[EventType "tourn"]
[EventRounds "7"]
[EventCountry "CAN"]

1. c4 c6 2. e4 d5 3. exd5 cxd5 4. d4 Nf6 5. Nc3 e6 6. Nf3 Be7 7. c5 O-O 8. b4 Ne4 9. Qc2 f5 10. Bb2 b6 11. Be2 bxc5 12. bxc5 Nc6 13. O-O Bd7 14. Bb5 Bf6 15. Bxc6 Bxc6 16. Rfd1 Rb8 17. Ne1 Qa5 18. f3 Rxb2 19. Qxb2 Qxc3 20. Qxc3 Nxc3 21. Rd2 Bxd4+ 22. Kh1 Nb5 23. Rb1 Bc3 24. Rd3 d4 25. f4 a6 26. Rdd1 Be4 27. Nd3 Rc8 28. Kg1 Bxd3 29. Rxd3 Rxc5 30. a4 Nc7 31. g3 Kf7 32. Rb7 Kf6 33. Rd1 h6 34. h4 g5 35. hxg5+ hxg5 36. Kf2 Nd5 37. Kf3 Rc4 38. Rh1 g4+ 39. Ke2 Rc7 40. Rb8 Ke7 41. Ra8 Rc6 42. Rb8 Kd6 43. Rhh8 Kc5 44. Rhc8 Rxc8 45. Rxc8+ Kb4 46. Rc6 a5 47. Rxe6 Kxa4 48. Kd3 Kb3 49. Rd6 Nb4+ 50. Ke2 a4 51. Rh6 a3 52. Rh1 a2 53. Rc1 d3+ 54. Kd1 a1=Q 55. Rxa1 Bxa1 56. Kc1 Bc3 57. Kb1 Nd5 58. Kc1 d2+ 0-1

[Event "Quebec-ch U18"]
[Site "Montreal CAN"]
[Date "2000.03.02"]
[Round "2"]
[White "Tessier, Olivier"]
[Black "Masse, Hugues"]
[Result "0-1"]
[WhiteElo "1973"]
[BlackElo "1880"]
[PlyCount "58"]
[GameId "2160767911733048"]
[EventDate "2000.03.02"]
[EventType "tourn"]
[EventRounds "7"]
[EventCountry "CAN"]

1. c4 e5 2. Nc3 Bb4 3. g3 Nf6 4. Bg2 O-O 5. e3 c6 6. Nge2 d6 7. O-O Qe7 8. d4 Bf5 9. Qa4 Bxc3 10. Nxc3 Nbd7 11. Qb4 exd4 12. exd4 Nb6 13. Bf4 c5 14. dxc5 dxc5 15. Qb3 Rfe8 16. Nd5 Nfxd5 17. cxd5 Qd7 18. d6 Be4 19. Bxe4 Rxe4 20. Rfe1 Rae8 21. Rxe4 Rxe4 22. Qc2 Qc6 23. f3 Re6 24. Rc1 c4 25. Qc3 h6 26. g4 Rf6 27. Qd4 Qxf3 28. Bg3 Nd5 29. Rxc4 Qf1# 0-1

[Event "Quebec-ch U18"]
[Site "Montreal CAN"]
[Date "2000.03.02"]
[Round "3"]
[White "Cardin, Guillaume"]
[Black "Falardeau, Bruno"]
[Result "1/2-1/2"]
[WhiteElo "1793"]
[BlackElo "1808"]
[PlyCount "86"]
[GameId "2160767911733049"]
[EventDate "2000.03.02"]
[EventType "tourn"]
[EventRounds "7"]
[EventCountry "CAN"]

1. d4 e6 2. c4 c5 3. d5 exd5 4. cxd5 Nf6 5. Nc3 d6 6. e4 Be7 7. f4 Bg4 8. Be2 Bxe2 9. Qxe2 Na6 10. Nf3 Qd7 11. O-O O-O 12. Be3 Rfe8 13. Rad1 Ng4 14. Bc1 Bf6 15. h3 Bxc3 16. hxg4 Ba5 17. Nd2 Qa4 18. Nc4 Rad8 19. b3 Qb5 20. a4 Qxb3 21. Nxa5 Qxa4 22. Nxb7 Rd7 23. Nxd6 Rxd6 24. e5 Rb6 25. Rf3 Nb4 26. Ra3 Qd7 27. f5 Rd8 28. Qc4 h5 29. e6 fxe6 30. fxe6 Rxe6 31. dxe6 Qxd1+ 32. Kh2 Re8 33. e7+ Qd5 34. Qxd5+ Nxd5 35. Rxa7 Rxe7 36. Rxe7 Nxe7 37. gxh5 Nd5 38. g4 c4 39. Kg3 Nb4 40. Kf3 Na2 41. Ba3 Kf7 42. g5 c3 43. h6 gxh6 1/2-1/2

[Event "Quebec-ch U18"]
[Site "Montreal CAN"]
[Date "2000.03.03"]
[Round "3"]
[White "Masse, Hugues"]
[Black "Moskvitch, Andrei"]
[Result "0-1"]
[WhiteElo "1880"]
[BlackElo "2223"]
[PlyCount "102"]
[GameId "2160767911733051"]
[EventDate "2000.03.02"]
[EventType "tourn"]
[EventRounds "7"]
[EventCountry "CAN"]

1. e4 c5 2. d4 cxd4 3. Nf3 a6 4. Nxd4 e5 5. Nb3 Nc6 6. Bd3 d5 7. exd5 Qxd5 8. O-O Nf6 9. Nc3 Qd8 10. Bg5 Be7 11. Re1 O-O 12. Nd2 h6 13. Bh4 Bg4 14. Be2 Bf5 15. Bxf6 Bxf6 16. Nde4 Be7 17. Qxd8 Rfxd8 18. g4 Be6 19. Kg2 Nd4 20. Bd3 Bxg4 21. Ng3 Bf3+ 22. Kf1 f6 23. a3 Rac8 24. Nf5 Kf7 25. Re3 Bg4 26. Nxe7 Kxe7 27. f4 Nc6 28. Rg3 h5 29. f5 Nd4 30. h3 Nxf5 31. Rxg4 Rxd3 32. Rxg7+ Nxg7 33. cxd3 Nf5 34. Kf2 Rd8 35. Rd1 Nd4 36. Rg1 Kf7 37. Ke3 b5 38. Ne4 f5 39. Nc3 Kf6 40. Kf2 Ne6 41. Rd1 Nf4 42. Kg3 Rxd3+ 43. Rxd3 Nxd3 44. Kh4 f4 45. Kxh5 Kf5 46. Kh4 e4 47. b3 e3 48. a4 bxa4 49. bxa4 a5 50. Ne2 f3 51. Nd4+ Ke4 0-1

[Event "Quebec-ch U18"]
[Site "Montreal CAN"]
[Date "2000.03.03"]
[Round "3"]
[White "Tessier, Olivier"]
[Black "Caire, Francois"]
[Result "1-0"]
[WhiteElo "1973"]
[BlackElo "1935"]
[PlyCount "81"]
[GameId "2160767911733052"]
[EventDate "2000.03.02"]
[EventType "tourn"]
[EventRounds "7"]
[EventCountry "CAN"]

1. e4 b6 2. d4 Bb7 3. Bd3 e6 4. Nf3 c5 5. O-O cxd4 6. Nxd4 Nc6 7. Be3 Nf6 8. Nc3 Be7 9. Nxc6 dxc6 10. e5 Nd5 11. Qg4 g6 12. Nxd5 exd5 13. e6 fxe6 14. Bd4 Rf8 15. Rfe1 Qd7 16. Rxe6 O-O-O 17. c4 dxc4 18. Bxc4 Qxd4 19. Re4+ Qd7 20. Be6 Kc7 21. Bxd7 Rxd7 22. Rd1 Rxd1+ 23. Qxd1 Bc5 24. Re2 Ba6 25. Rd2 Rf7 26. a3 b5 27. b4 Bb6 28. Qb3 Re7 29. Qg3+ Kb7 30. Kf1 Bc7 31. Qf3 Kb6 32. Rc2 Bb7 33. Qf6 Rd7 34. Qf3 Rd6 35. Qe3+ Ka6 36. Rd2 Bb6 37. Rxd6 Bxe3 38. fxe3 Kb6 39. Rd7 Bc8 40. Rxh7 Bf5 41. Ke2 1-0

[Event "Quebec-ch U18"]
[Site "Montreal CAN"]
[Date "2000.03.03"]
[Round "4"]
[White "Caire, Francois"]
[Black "Cardin, Guillaume"]
[Result "1-0"]
[WhiteElo "1935"]
[BlackElo "1793"]
[PlyCount "49"]
[GameId "2160767911733053"]
[EventDate "2000.03.02"]
[EventType "tourn"]
[EventRounds "7"]
[EventCountry "CAN"]

1. d4 Nf6 2. c4 e6 3. Nf3 b6 4. Nc3 Bb4 5. Bg5 h6 6. Bh4 d5 7. Qa4+ Nc6 8. Bxf6 gxf6 9. Qxc6+ Bd7 10. Qb7 a5 11. cxd5 Rb8 12. Qa6 b5 13. dxe6 fxe6 14. a3 Be7 15. d5 b4 16. dxe6 bxc3 17. exd7+ Qxd7 18. bxc3 Bxa3 19. Rd1 Qa4 20. Qxf6 Rh7 21. Qg6+ Rf7 22. Ne5 Qb3 23. Qxf7+ Qxf7 24. Nxf7 Bb2 25. Kd2 1-0

[Event "Quebec-ch U18"]
[Site "Montreal CAN"]
[Date "2000.03.03"]
[Round "4"]
[White "Falardeau, Bruno"]
[Black "Desmarais, Emmanuel"]
[Result "1-0"]
[WhiteElo "1808"]
[BlackElo "1901"]
[PlyCount "63"]
[GameId "2160767911733055"]
[EventDate "2000.03.02"]
[EventType "tourn"]
[EventRounds "7"]
[EventCountry "CAN"]

1. e4 c6 2. d4 d5 3. e5 Bf5 4. Nf3 e6 5. Bd3 Bxd3 6. Qxd3 c5 7. O-O Nc6 8. c3 Rc8 9. a3 Nge7 10. Bg5 Qb6 11. b4 cxd4 12. cxd4 Nf5 13. Rd1 h6 14. Bf4 Be7 15. Nc3 O-O 16. Nxd5 Qd8 17. Nxe7+ Nfxe7 18. Rac1 Nd5 19. Bg3 Qb6 20. Rc5 a5 21. b5 Nce7 22. Rdc1 Rxc5 23. dxc5 Qc7 24. Qd2 Rc8 25. Nd4 Qd7 26. f4 Ng6 27. c6 bxc6 28. Nxc6 Qb7 29. a4 Rc7 30. f5 Nge7 31. Nxe7+ Nxe7 32. Qd8+ 1-0

[Event "Quebec-ch U18"]
[Site "Montreal CAN"]
[Date "2000.03.03"]
[Round "4"]
[White "Moskvitch, Andrei"]
[Black "Tessier, Olivier"]
[Result "0-1"]
[WhiteElo "2223"]
[BlackElo "1973"]
[PlyCount "74"]
[GameId "2160767911733056"]
[EventDate "2000.03.02"]
[EventType "tourn"]
[EventRounds "7"]
[EventCountry "CAN"]

1. e4 c5 2. Ne2 Nf6 3. Nbc3 Nc6 4. d4 e6 5. d5 exd5 6. exd5 Ne5 7. f4 Ng6 8. d6 Qb6 9. f5 Ne5 10. Bg5 Bxd6 11. Bxf6 gxf6 12. Nd5 Qd8 13. Nec3 O-O 14. Qh5 Kh8 15. O-O-O b6 16. Ne4 Be7 17. Qh6 d6 18. g4 Nxg4 19. Qf4 Ne5 20. Rg1 Rg8 21. Bh3 Bb7 22. Rxg8+ Kxg8 23. Qh6 Bxd5 24. Rxd5 Nd7 25. Bg2 Qf8 26. Qf4 Qg7 27. Rd3 Kh8 28. Rg3 Qf8 29. Nc3 d5 30. Qh4 Bd6 31. Rg4 Qe7 32. Nxd5 Qe5 33. Re4 Qxf5 34. Bh3 Qxd5 35. Bxd7 Qg5+ 36. Kd1 Qxh4 37. Rxh4 Rd8 0-1

[Event "Quebec-ch U18"]
[Site "Montreal CAN"]
[Date "2000.03.04"]
[Round "5"]
[White "Desmarais, Emmanuel"]
[Black "Cardin, Guillaume"]
[Result "1-0"]
[WhiteElo "1901"]
[BlackElo "1793"]
[PlyCount "65"]
[GameId "2160767911733057"]
[EventDate "2000.03.02"]
[EventType "tourn"]
[EventRounds "7"]
[EventCountry "CAN"]

1. e4 c5 2. Nc3 Nc6 3. g3 g6 4. Bg2 Bg7 5. d3 d6 6. f4 e6 7. Nge2 Nge7 8. O-O O-O 9. g4 d5 10. Ng3 f5 11. gxf5 gxf5 12. e5 a6 13. Kh1 b5 14. Nce2 Qe8 15. d4 cxd4 16. Nxd4 Bb7 17. Nxe6 Rc8 18. Nxf8 Bxf8 19. Nh5 Qf7 20. c3 Nd8 21. Rg1 Ng6 22. Nf6+ Kh8 23. Be3 Ne6 24. Qh5 d4 25. cxd4 Rc2 26. d5 Nc7 27. Bd4 Ne6 28. dxe6 Rxg2 29. Rxg2 Bxg2+ 30. Kxg2 Nxf4+ 31. Kg1 Qc7 32. Qxh7+ Qxh7 33. Nxh7 1-0

[Event "Quebec-ch U18"]
[Site "Montreal CAN"]
[Date "2000.03.04"]
[Round "5"]
[White "Masse, Hugues"]
[Black "Falardeau, Bruno"]
[Result "1/2-1/2"]
[WhiteElo "1880"]
[BlackElo "1808"]
[PlyCount "111"]
[GameId "2160767911733058"]
[EventDate "2000.03.02"]
[EventType "tourn"]
[EventRounds "7"]
[EventCountry "CAN"]

1. e4 c5 2. Nf3 e6 3. d4 cxd4 4. Nxd4 Nc6 5. Nb5 a6 6. Nd6+ Bxd6 7. Qxd6 Qe7 8. Qxe7+ Ngxe7 9. Be2 d5 10. exd5 exd5 11. O-O Bf5 12. c3 d4 13. Rd1 dxc3 14. Nxc3 O-O 15. Be3 Rad8 16. Bb6 Rxd1+ 17. Rxd1 Re8 18. Bf3 Bc2 19. Rd7 Nd5 20. Be3 Nxc3 21. bxc3 Ne5 22. Rxb7 Nxf3+ 23. gxf3 Bd3 24. Rb4 Rc8 25. Bd4 Bc4 26. a3 g6 27. Kg2 Kf8 28. Rb7 Bd5 29. Rd7 Be6 30. Ra7 Bc4 31. Kg3 h5 32. f4 Rc6 33. Kh4 Be6 34. Kg5 Bf5 35. Bf6 Ke8 36. Re7+ Kf8 37. Re2 Be6 38. Rd2 Rc5+ 39. Kh6 Rd5 40. Rb2 Rb5 41. Rb4 Rxb4 42. cxb4 Ke8 43. Kg7 Kd7 44. f5 Bxf5 45. Kxf7 Kc6 46. a4 Kd5 47. Be7 Kc4 48. Ke8 Bc2 49. Kf7 Bf5 50. Kf6 Bc2 51. f4 Bf5 52. Ke5 Bd7 53. a5 Bf5 54. h4 Kb5 55. Kd5 Bb1 56. Bc5 1/2-1/2

[Event "Quebec-ch U18"]
[Site "Montreal CAN"]
[Date "2000.03.04"]
[Round "5"]
[White "Moskvitch, Andrei"]
[Black "Caire, Francois"]
[Result "1-0"]
[WhiteElo "2223"]
[BlackElo "1935"]
[PlyCount "129"]
[GameId "2160767911733059"]
[EventDate "2000.03.02"]
[EventType "tourn"]
[EventRounds "7"]
[EventCountry "CAN"]

1. e4 c5 2. Nf3 Nc6 3. d4 cxd4 4. Nxd4 Nf6 5. Nc3 e5 6. Ndb5 d6 7. Bg5 a6 8. Na3 b5 9. Nd5 Be7 10. Bxf6 Bxf6 11. c3 O-O 12. Nc2 Bg5 13. Bd3 Be6 14. O-O Ne7 15. Nxe7+ Qxe7 16. a4 bxa4 17. Rxa4 a5 18. Bc4 Bxc4 19. Rxc4 Rfb8 20. b4 Rc8 21. Qd3 axb4 22. cxb4 Qe6 23. Na3 Rcb8 24. Ra1 g6 25. Nc2 Rxa1+ 26. Nxa1 f5 27. Nc2 fxe4 28. Rxe4 d5 29. Qb3 Rb6 30. Re1 Kg7 31. g3 Qd6 32. Ra1 Qc6 33. Ra7+ Rb7 34. b5 Qb6 35. Rxb7+ Qxb7 36. h4 Bd8 37. Ne3 d4 38. Qd5 Qf7 39. Qxd8 dxe3 40. fxe3 Qf3 41. Qe7+ Kh6 42. Qg5+ Kg7 43. Qxe5+ Kg8 44. Qb8+ Kg7 45. Qc7+ Kg8 46. b6 Qe2 47. Qd8+ Kg7 48. Qd4+ Kg8 49. Qd5+ Kg7 50. b7 Qe1+ 51. Kh2 Qe2+ 52. Qg2 Qb5 53. g4 Qe5+ 54. Kh3 h5 55. Qf3 hxg4+ 56. Kxg4 Qh2 57. Qd5 Qg1+ 58. Kf4 Qh2+ 59. Ke4 Qg2+ 60. Kd4 Qd2+ 61. Ke4 Qg2+ 62. Ke5 Qb2+ 63. Kd6 Qb4+ 64. Kc7 Qc3+ 65. Kd7 1-0

[Event "Quebec-ch U18"]
[Site "Montreal CAN"]
[Date "2000.03.04"]
[Round "6"]
[White "Caire, Francois"]
[Black "Desmarais, Emmanuel"]
[Result "0-1"]
[WhiteElo "1935"]
[BlackElo "1901"]
[PlyCount "56"]
[GameId "2160767911733061"]
[EventDate "2000.03.02"]
[EventType "tourn"]
[EventRounds "7"]
[EventCountry "CAN"]

1. e4 c6 2. d4 d5 3. Nc3 dxe4 4. Nxe4 Bf5 5. Ng3 Bg6 6. Nf3 Nd7 7. h4 h6 8. h5 Bh7 9. Bd3 Bxd3 10. Qxd3 Ngf6 11. Bf4 Qa5+ 12. Bd2 Qc7 13. O-O-O O-O-O 14. Ne4 e6 15. g3 Nxe4 16. Qxe4 Bd6 17. c4 c5 18. Bc3 cxd4 19. Qxd4 Bc5 20. Qxg7 Bxf2 21. Nd2 Nc5 22. Kb1 Bxg3 23. Rhf1 Bf4 24. Qg4 Be5 25. Bxe5 Qxe5 26. Nf3 Qe2 27. Rxd8+ Rxd8 28. Re1 Rd1+ 0-1

[Event "Quebec-ch U18"]
[Site "Montreal CAN"]
[Date "2000.03.04"]
[Round "6"]
[White "Cardin, Guillaume"]
[Black "Masse, Hugues"]
[Result "0-1"]
[WhiteElo "1793"]
[BlackElo "1880"]
[PlyCount "68"]
[GameId "2160767911733062"]
[EventDate "2000.03.02"]
[EventType "tourn"]
[EventRounds "7"]
[EventCountry "CAN"]

1. d4 Nf6 2. Bg5 Ne4 3. Bf4 c5 4. d5 Qb6 5. Bc1 d6 6. f3 Nf6 7. e4 g6 8. c4 Bg7 9. Nc3 O-O 10. Nge2 e6 11. h4 exd5 12. cxd5 a6 13. Nf4 Qc7 14. a4 Nbd7 15. h5 Ne5 16. hxg6 hxg6 17. Nd3 Nxd3+ 18. Bxd3 Bd7 19. Qe2 Rfc8 20. g4 c4 21. Bc2 b5 22. Qh2 Kf8 23. Bh6 Bxh6 24. Qxh6+ Ke7 25. g5 Ne8 26. Qh7 Qc5 27. Ke2 b4 28. Nd1 Qd4 29. Qg8 Ng7 30. Qh7 c3 31. bxc3 bxc3 32. Nf2 Nh5 33. Rad1 Ng3+ 34. Ke1 Qe3# 0-1

[Event "Quebec-ch U18"]
[Site "Montreal CAN"]
[Date "2000.03.04"]
[Round "6"]
[White "Falardeau, Bruno"]
[Black "Tessier, Olivier"]
[Result "0-1"]
[WhiteElo "1808"]
[BlackElo "1973"]
[PlyCount "58"]
[GameId "2160767911733064"]
[EventDate "2000.03.02"]
[EventType "tourn"]
[EventRounds "7"]
[EventCountry "CAN"]

1. e4 Nf6 2. e5 Nd5 3. d4 d6 4. Nf3 g6 5. c4 Nb6 6. exd6 cxd6 7. Nc3 Bg7 8. Be3 O-O 9. Be2 Bf5 10. O-O Nc6 11. a4 d5 12. c5 Nc4 13. b3 Nxe3 14. fxe3 Bh6 15. Qd2 Qa5 16. Nxd5 Qxd2 17. Nxd2 Rad8 18. Bf3 Rxd5 19. Bxd5 Bxe3+ 20. Rf2 Bxd4 21. Rc1 Rd8 22. Bxc6 bxc6 23. Nf3 Be3 24. Rcf1 Bxc5 25. Kh1 Bxf2 26. Rxf2 Rd1+ 27. Ng1 Rb1 28. Rf3 Be6 29. Rc3 Bd5 0-1